[Event "Blitz 2018"]
[Site "Saint-Petersburg"]
[Date "2018.12.29"]
[Round "12"]
[Board "25"]
[White "Inarkiev Ernesto (RUS)"]
[Black "Kevlishvili Robby (NED)"]
[Result "1-0"]
[LiveChessVersion "1.4.8"]
[BlackElo "2530"]
[WhiteElo "2674"]

1. c4 {[%clk 0:03:03]} e5 {[%clk 0:03:02]} 2. Nc3 {[%clk 0:03:04]} Nf6
{[%clk 0:03:03]} 3. Nf3 {[%clk 0:03:05]} Nc6 {[%clk 0:03:05]} 4. e3
{[%clk 0:03:06]} Bb4 {[%clk 0:03:05]} 5. Qc2 {[%clk 0:03:08]} d6 {[%clk 0:03:06]}
6. Nd5 {[%clk 0:02:56]} Nxd5 {[%clk 0:03:04]} 7. cxd5 {[%clk 0:02:57]} O-O
{[%clk 0:02:33]} 8. dxc6 {[%clk 0:02:57]} bxc6 {[%clk 0:02:34]} 9. Be2
{[%clk 0:02:45]} Rb8 {[%clk 0:02:27]} 10. O-O {[%clk 0:02:36]} Bc5
{[%clk 0:02:24]} 11. d4 {[%clk 0:02:34]} exd4 {[%clk 0:02:24]} 12. exd4
{[%clk 0:02:32]} Bb6 {[%clk 0:02:25]} 13. Qxc6 {[%clk 0:02:32]} Bb7
{[%clk 0:02:23]} 14. Qc3 {[%clk 0:02:32]} Re8 {[%clk 0:02:23]} 15. Be3
{[%clk 0:02:33]} Qf6 {[%clk 0:02:23]} 16. b4 {[%clk 0:02:25]} h6 {[%clk 0:02:23]}
17. a4 {[%clk 0:02:24]} a6 {[%clk 0:02:20]} 18. Rfe1 {[%clk 0:02:21]} Re7
{[%clk 0:02:20]} 19. Rac1 {[%clk 0:02:07]} Rbe8 {[%clk 0:02:20]} 20. Qd2
{[%clk 0:02:05]} g5 {[%clk 0:02:09]} 21. h3 {[%clk 0:02:04]} Qg7 {[%clk 0:02:06]}
22. a5 {[%clk 0:01:53]} Ba7 {[%clk 0:02:08]} 23. Bd3 {[%clk 0:01:53]} f5
{[%clk 0:01:29]} 24. Bxf5 {[%clk 0:01:47]} Rf8 {[%clk 0:01:30]} 25. Bg4
{[%clk 0:01:42]} Qg6 {[%clk 0:01:25]} 26. d5 {[%clk 0:01:38]} Bxe3
{[%clk 0:01:16]} 27. Rxe3 {[%clk 0:01:40]} Rxe3 {[%clk 0:01:15]} 28. fxe3
{[%clk 0:01:37]} 1-0

[Event "Blitz 2018"]
[Site "Saint-Petersburg"]
[Date "2018.12.29"]
[Round "12"]
[Board "26"]
[White "Nozdrachev Vladislav (RUS)"]
[Black "Vallejo Pons Francisco (ESP)"]
[Result "1/2-1/2"]
[LiveChessVersion "1.4.8"]
[BlackElo "2673"]
[WhiteElo "2521"]

1. e4 {[%clk 0:03:02]} e5 {[%clk 0:03:03]} 2. Nf3 {[%clk 0:03:03]} Nc6
{[%clk 0:03:05]} 3. Bc4 {[%clk 0:03:04]} Nf6 {[%clk 0:03:05]} 4. d3
{[%clk 0:03:05]} Bc5 {[%clk 0:03:06]} 5. c3 {[%clk 0:03:05]} O-O {[%clk 0:03:06]}
6. O-O {[%clk 0:03:04]} d5 {[%clk 0:03:07]} 7. exd5 {[%clk 0:03:02]} Nxd5
{[%clk 0:03:07]} 8. Re1 {[%clk 0:02:39]} Bg4 {[%clk 0:03:05]} 9. h3
{[%clk 0:02:39]} Bh5 {[%clk 0:03:06]} 10. Nbd2 {[%clk 0:02:32]} Nb6
{[%clk 0:02:46]} 11. Bb5 {[%clk 0:02:30]} Bd6 {[%clk 0:02:27]} 12. Ne4
{[%clk 0:02:26]} Nd7 {[%clk 0:02:06]} 13. Ng3 {[%clk 0:02:19]} Bg6
{[%clk 0:02:07]} 14. d4 {[%clk 0:02:15]} exd4 {[%clk 0:02:05]} 15. Bxc6
{[%clk 0:02:15]} bxc6 {[%clk 0:02:03]} 16. Nxd4 {[%clk 0:02:16]} Ne5
{[%clk 0:01:41]} 17. Bf4 {[%clk 0:01:56]} Nd3 {[%clk 0:01:39]} 18. Bxd6
{[%clk 0:01:56]} Qxd6 {[%clk 0:01:24]} 19. Ngf5 {[%clk 0:01:53]} Nxb2
{[%clk 0:00:21]} 20. Qb3 {[%clk 0:01:38]} Bxf5 {[%clk 0:00:22]} 21. Nxf5
{[%clk 0:01:39]} Qd2 {[%clk 0:00:23]} 22. Ne7+ {[%clk 0:01:13]} Kh8
{[%clk 0:00:25]} 23. Nxc6 {[%clk 0:01:14]} Nd3 {[%clk 0:00:24]} 24. Rf1
{[%clk 0:01:15]} Nf4 {[%clk 0:00:20]} 25. Rad1 {[%clk 0:01:11]} Qxc3
{[%clk 0:00:20]} 26. Qxc3 {[%clk 0:00:59]} Ne2+ {[%clk 0:00:22]} 27. Kh2
{[%clk 0:01:01]} Nxc3 {[%clk 0:00:23]} 28. Rd7 {[%clk 0:01:01]} Nxa2
{[%clk 0:00:21]} 29. Ra1 {[%clk 0:00:49]} Nc3 {[%clk 0:00:22]} 30. Rxc7
{[%clk 0:00:50]} Nb5 {[%clk 0:00:16]} 31. Rb7 {[%clk 0:00:49]} a6
{[%clk 0:00:14]} 32. Nb4 {[%clk 0:00:45]} Nd6 {[%clk 0:00:14]} 33. Rb6
{[%clk 0:00:40]} a5 {[%clk 0:00:14]} 34. Rxd6 {[%clk 0:00:39]} axb4
{[%clk 0:00:15]} 35. Rxa8 {[%clk 0:00:40]} Rxa8 {[%clk 0:00:16]} 36. Rb6
{[%clk 0:00:40]} 1/2-1/2

[Event "Blitz 2018"]
[Site "Saint-Petersburg"]
[Date "2018.12.29"]
[Round "12"]
[Board "27"]
[White "Yilmaz Mustafa (TUR)"]
[Black "Indjic Aleksandar (SRB)"]
[Result "0-1"]
[LiveChessVersion "1.4.8"]
[BlackElo "2643"]
[WhiteElo "2515"]

1. Nf3 {[%clk 0:03:03]} c5 {[%clk 0:02:58]} 2. c4 {[%clk 0:03:03]} Nc6
{[%clk 0:02:59]} 3. Nc3 {[%clk 0:03:03]} Nf6 {[%clk 0:03:00]} 4. g3
{[%clk 0:02:58]} g6 {[%clk 0:03:01]} 5. Bg2 {[%clk 0:02:59]} Bg7 {[%clk 0:03:02]}
6. d4 {[%clk 0:02:59]} cxd4 {[%clk 0:03:02]} 7. Nxd4 {[%clk 0:03:00]} O-O
{[%clk 0:03:02]} 8. O-O {[%clk 0:03:01]} Qa5 {[%clk 0:03:03]} 9. e3
{[%clk 0:02:58]} d6 {[%clk 0:03:03]} 10. Qd2 {[%clk 0:02:51]} Bd7
{[%clk 0:02:58]} 11. b3 {[%clk 0:02:50]} Rac8 {[%clk 0:02:57]} 12. Bb2
{[%clk 0:02:50]} Nxd4 {[%clk 0:02:57]} 13. exd4 {[%clk 0:02:30]} b5
{[%clk 0:02:58]} 14. cxb5 {[%clk 0:02:10]} Bxb5 {[%clk 0:02:59]} 15. Rfe1
{[%clk 0:02:11]} Rc7 {[%clk 0:02:59]} 16. Rad1 {[%clk 0:01:13]} Rfc8
{[%clk 0:02:38]} 17. Nxb5 {[%clk 0:01:07]} Qxb5 {[%clk 0:02:39]} 18. Rc1
{[%clk 0:01:07]} Ng4 {[%clk 0:01:29]} 19. Rxc7 {[%clk 0:00:42]} Rxc7
{[%clk 0:01:30]} 20. h3 {[%clk 0:00:35]} Bh6 {[%clk 0:01:21]} 21. Qe2
{[%clk 0:00:32]} Qxe2 {[%clk 0:01:22]} 22. Rxe2 {[%clk 0:00:33]} Nf6
{[%clk 0:01:23]} 23. f4 {[%clk 0:00:13]} g5 {[%clk 0:01:22]} 24. fxg5
{[%clk 0:00:11]} Bxg5 {[%clk 0:01:22]} 25. Bf3 {[%clk 0:00:12]} Bc1
{[%clk 0:01:19]} 26. Kf2 {[%clk 0:00:13]} Bxb2 {[%clk 0:01:20]} 27. Rxb2
{[%clk 0:00:14]} Rc3 {[%clk 0:01:14]} 28. Re2 {[%clk 0:00:11]} e6
{[%clk 0:01:15]} 29. Re3 {[%clk 0:00:12]} Rc7 {[%clk 0:01:13]} 30. Ke1
{[%clk 0:00:10]} Rc1+ {[%clk 0:01:13]} 31. Kd2 {[%clk 0:00:11]} Ra1
{[%clk 0:01:14]} 32. a4 {[%clk 0:00:12]} d5 {[%clk 0:01:04]} 33. Kc3
{[%clk 0:00:10]} a5 {[%clk 0:01:03]} 34. Kb2 {[%clk 0:00:09]} Rf1
{[%clk 0:01:01]} 35. Kc3 {[%clk 0:00:08]} h5 {[%clk 0:00:58]} 36. h4
{[%clk 0:00:07]} Kg7 {[%clk 0:00:58]} 37. b4 {[%clk 0:00:07]} Ra1
{[%clk 0:00:59]} 38. bxa5 {[%clk 0:00:03]} Rxa4 {[%clk 0:00:59]} 39. a6
{[%clk 0:00:03]} Rxa6 {[%clk 0:00:59]} 40. Kd2 {[%clk 0:00:05]} Ra2+
{[%clk 0:00:56]} 41. Ke1 {[%clk 0:00:05]} Ra4 {[%clk 0:00:56]} 42. Rd3
{[%clk 0:00:06]} Kg6 {[%clk 0:00:57]} 43. Kf2 {[%clk 0:00:07]} Ne8
{[%clk 0:00:56]} 44. Bd1 {[%clk 0:00:06]} Rb4 {[%clk 0:00:55]} 45. Bc2
{[%clk 0:00:05]} Kg7 {[%clk 0:00:56]} 46. Bd1 {[%clk 0:00:06]} Kh6
{[%clk 0:00:54]} 47. Be2 {[%clk 0:00:06]} Nd6 {[%clk 0:00:53]} 48. Kf3
{[%clk 0:00:05]} Nf5 {[%clk 0:00:54]} 49. Bd1 {[%clk 0:00:05]} Nxd4+
{[%clk 0:00:54]} 50. Kf4 {[%clk 0:00:06]} Nc6+ {[%clk 0:00:52]} 51. Ke3
{[%clk 0:00:07]} Ne5 {[%clk 0:00:53]} 52. Rd4 {[%clk 0:00:06]} Rb1
{[%clk 0:00:29]} 53. Bc2 {[%clk 0:00:05]} Rc1 {[%clk 0:00:29]} 54. Bd1
{[%clk 0:00:04]} f5 {[%clk 0:00:28]} 55. Kd2 {[%clk 0:00:05]} Ra1
{[%clk 0:00:29]} 56. Rb4 {[%clk 0:00:06]} Nc4+ {[%clk 0:00:30]} 57. Ke2
{[%clk 0:00:08]} Ra2+ {[%clk 0:00:30]} 58. Kf3 {[%clk 0:00:07]} Ra3+
{[%clk 0:00:30]} 59. Kf2 {[%clk 0:00:08]} Kg6 {[%clk 0:00:18]} 60. Rb8
{[%clk 0:00:09]} Ra2+ {[%clk 0:00:17]} 61. Ke1 {[%clk 0:00:08]} Ne3
{[%clk 0:00:17]} 62. Bf3 {[%clk 0:00:08]} d4 {[%clk 0:00:16]} 63. Rg8+
{[%clk 0:00:07]} Kf7 {[%clk 0:00:17]} 64. Rd8 {[%clk 0:00:08]} e5
{[%clk 0:00:17]} 65. Bxh5+ {[%clk 0:00:09]} Kf6 {[%clk 0:00:18]} 66. Be2
{[%clk 0:00:07]} e4 {[%clk 0:00:19]} 67. h5 {[%clk 0:00:04]} d3 {[%clk 0:00:19]}
68. Bxd3 {[%clk 0:00:04]} exd3 {[%clk 0:00:20]} 69. Rxd3 {[%clk 0:00:04]} Ng4
{[%clk 0:00:19]} 70. Rd6+ {[%clk 0:00:03]} Kg5 {[%clk 0:00:19]} 71. Rd5
{[%clk 0:00:04]} Rh2 {[%clk 0:00:19]} 72. Ra5 {[%clk 0:00:05]} Rxh5
{[%clk 0:00:19]} 73. Kf1 {[%clk 0:00:06]} Rh2 {[%clk 0:00:20]} 74. Kg1
{[%clk 0:00:08]} Rb2 {[%clk 0:00:19]} 75. Ra8 {[%clk 0:00:09]} Nf6
{[%clk 0:00:17]} 76. Rf8 {[%clk 0:00:10]} Kg6 {[%clk 0:00:13]} 77. Kf1
{[%clk 0:00:09]} Kg7 {[%clk 0:00:14]} 78. Ra8 {[%clk 0:00:10]} Ne4
{[%clk 0:00:13]} 79. Kg1 {[%clk 0:00:09]} Rb3 {[%clk 0:00:09]} 80. Kh2
{[%clk 0:00:04]} Nxg3 {[%clk 0:00:09]} 81. Kh3 {[%clk 0:00:05]} Ne4+
{[%clk 0:00:09]} 82. Kh4 {[%clk 0:00:06]} Rb1 {[%clk 0:00:06]} 83. Kh3
{[%clk 0:00:06]} Rb3+ {[%clk 0:00:05]} 84. Kh4 {[%clk 0:00:07]} Rb2
{[%clk 0:00:06]} 85. Kh3 Kf6 86. Rf8+ {[%clk 0:00:05]} Ke5 {[%clk 0:00:09]} 87.
Ra8 {[%clk 0:00:03]} Kf4 {[%clk 0:00:10]} 88. Ra1 {[%clk 0:00:04]} Ng5+
{[%clk 0:00:10]} 0-1

[Event "Blitz 2018"]
[Site "Saint-Petersburg"]
[Date "2018.12.29"]
[Round "12"]
[Board "28"]
[White "Nihal Sarin (IND)"]
[Black "Oparin Grigoriy (RUS)"]
[Result "1/2-1/2"]
[LiveChessVersion "1.4.8"]
[BlackElo "2641"]
[WhiteElo "2506"]

1. d4 {[%clk 0:03:03]} Nf6 {[%clk 0:03:03]} 2. Bg5 {[%clk 0:03:03]} d5
{[%clk 0:03:01]} 3. e3 {[%clk 0:03:03]} e6 {[%clk 0:03:02]} 4. Nd2
{[%clk 0:03:02]} Be7 {[%clk 0:03:01]} 5. Bd3 {[%clk 0:03:01]} Nbd7
{[%clk 0:03:01]} 6. f4 {[%clk 0:02:58]} b6 {[%clk 0:02:57]} 7. Ngf3
{[%clk 0:02:58]} Bb7 {[%clk 0:02:57]} 8. O-O {[%clk 0:02:54]} O-O
{[%clk 0:02:54]} 9. Ne5 {[%clk 0:02:43]} Ne4 {[%clk 0:02:41]} 10. Bxe7
{[%clk 0:02:42]} Qxe7 {[%clk 0:02:42]} 11. Nxd7 {[%clk 0:02:30]} Qxd7
{[%clk 0:02:35]} 12. Nxe4 {[%clk 0:02:30]} dxe4 {[%clk 0:02:35]} 13. Be2
{[%clk 0:02:31]} f6 {[%clk 0:02:17]} 14. c3 {[%clk 0:02:26]} Kh8 {[%clk 0:02:16]}
15. a4 {[%clk 0:02:26]} a5 {[%clk 0:02:13]} 16. Qb3 {[%clk 0:02:23]} Bd5
{[%clk 0:02:04]} 17. Bc4 {[%clk 0:02:23]} Rac8 {[%clk 0:01:29]} 18. Bxd5
{[%clk 0:02:06]} exd5 {[%clk 0:01:29]} 19. Rfd1 {[%clk 0:02:02]} g5
{[%clk 0:01:11]} 20. Rf1 {[%clk 0:01:51]} Kg7 {[%clk 0:01:10]} 21. Qd1
{[%clk 0:01:42]} h6 {[%clk 0:01:08]} 22. Qh5 {[%clk 0:01:36]} Qf7
{[%clk 0:00:49]} 23. Qh3 {[%clk 0:01:30]} Rce8 {[%clk 0:00:31]} 24. Rf2
{[%clk 0:01:29]} Qe6 {[%clk 0:00:32]} 25. Qh5 {[%clk 0:01:27]} Qf7
{[%clk 0:00:33]} 26. Qh3 {[%clk 0:01:28]} Qe6 {[%clk 0:00:35]} 27. Qh5
{[%clk 0:01:22]} 1/2-1/2

[Event "Blitz 2018"]
[Site "Saint-Petersburg"]
[Date "2018.12.29"]
[Round "12"]
[Board "29"]
[White "Bazeev German (RUS)"]
[Black "Riazantsev Alexander (RUS)"]
[Result "1/2-1/2"]
[LiveChessVersion "1.4.8"]
[BlackElo "2633"]
[WhiteElo "2422"]

1. d4 {[%clk 0:03:03]} d5 {[%clk 0:03:04]} 2. Nf3 Nf6 3. c4 {[%clk 0:03:05]} e6
{[%clk 0:03:06]} 4. g3 {[%clk 0:03:04]} dxc4 {[%clk 0:03:07]} 5. Bg2
{[%clk 0:03:06]} b5 {[%clk 0:03:09]} 6. a4 {[%clk 0:02:59]} Bb7 {[%clk 0:03:09]}
7. axb5 a6 8. bxa6 {[%clk 0:02:43]} Nxa6 {[%clk 0:03:12]} 9. O-O {[%clk 0:02:37]}
Nb4 {[%clk 0:03:14]} 10. Rxa8 {[%clk 0:02:29]} Qxa8 {[%clk 0:03:15]} 11. Na3
{[%clk 0:02:30]} Bd5 {[%clk 0:03:12]} 12. Nb5 {[%clk 0:02:18]} Qb7
{[%clk 0:02:54]} 13. Nc3 {[%clk 0:02:12]} Bc6 {[%clk 0:02:46]} 14. Bg5
{[%clk 0:02:11]} Be7 {[%clk 0:02:43]} 15. b3 {[%clk 0:01:40]} cxb3
{[%clk 0:02:12]} 16. Qxb3 {[%clk 0:01:41]} O-O {[%clk 0:02:12]} 17. Rb1
{[%clk 0:01:40]} Rb8 {[%clk 0:02:13]} 18. Ne1 {[%clk 0:01:29]} Bxg2
{[%clk 0:02:01]} 19. Nxg2 {[%clk 0:01:30]} Qa7 {[%clk 0:02:02]} 20. e3
{[%clk 0:01:25]} Nc6 {[%clk 0:01:58]} 21. Qc2 {[%clk 0:01:25]} Rxb1+
{[%clk 0:01:54]} 22. Qxb1 {[%clk 0:01:24]} Nd7 {[%clk 0:01:28]} 23. Bxe7
{[%clk 0:00:58]} Nxe7 {[%clk 0:01:29]} 24. Nf4 {[%clk 0:01:00]} h6
{[%clk 0:01:25]} 25. Qc1 {[%clk 0:00:42]} c5 {[%clk 0:01:22]} 26. dxc5
{[%clk 0:00:41]} Qxc5 {[%clk 0:01:17]} 27. Nce2 {[%clk 0:00:41]} Qxc1+
{[%clk 0:01:16]} 28. Nxc1 {[%clk 0:00:42]} g5 {[%clk 0:01:17]} 29. Nfd3
{[%clk 0:00:43]} Kg7 {[%clk 0:01:15]} 30. f4 {[%clk 0:00:45]} Nd5
{[%clk 0:01:13]} 31. Kf2 {[%clk 0:00:46]} Nc3 {[%clk 0:01:14]} 32. Nb3
{[%clk 0:00:41]} Nf6 {[%clk 0:01:14]} 33. Nd2 {[%clk 0:00:41]} Ng4+
{[%clk 0:01:14]} 34. Kf3 {[%clk 0:00:35]} Nxh2+ {[%clk 0:01:15]} 35. Kg2
{[%clk 0:00:35]} Ng4 {[%clk 0:01:16]} 36. Kf3 {[%clk 0:00:36]} Nf6
{[%clk 0:01:07]} 37. e4 {[%clk 0:00:36]} Nd7 {[%clk 0:01:07]} 38. e5
{[%clk 0:00:33]} Kg6 {[%clk 0:01:04]} 39. Nc4 {[%clk 0:00:32]} Nb5
{[%clk 0:01:00]} 40. Ne3 {[%clk 0:00:32]} Nb6 {[%clk 0:00:51]} 41. g4
{[%clk 0:00:31]} gxf4 {[%clk 0:00:30]} 42. Nxf4+ {[%clk 0:00:31]} Kg7
{[%clk 0:00:31]} 43. Nh5+ {[%clk 0:00:32]} Kf8 {[%clk 0:00:31]} 44. Nf6
{[%clk 0:00:32]} Nd4+ {[%clk 0:00:31]} 45. Ke4 {[%clk 0:00:28]} Nc6
{[%clk 0:00:32]} 46. Kf4 {[%clk 0:00:18]} Na4 {[%clk 0:00:33]} 47. g5
{[%clk 0:00:11]} hxg5+ {[%clk 0:00:34]} 48. Kxg5 {[%clk 0:00:12]} Nxe5
{[%clk 0:00:35]} 49. Kf4 {[%clk 0:00:13]} Nc6 {[%clk 0:00:34]} 50. Nh7+
{[%clk 0:00:12]} Ke7 51. Ng5 Nc5 {[%clk 0:00:34]} 52. Ng4 {[%clk 0:00:15]} Nd3+
{[%clk 0:00:31]} 53. Ke3 {[%clk 0:00:15]} Nde5 {[%clk 0:00:32]} 54. Nh6
{[%clk 0:00:17]} Kf6 {[%clk 0:00:29]} 55. Kf4 {[%clk 0:00:10]} Kg6
{[%clk 0:00:24]} 56. Nhxf7 {[%clk 0:00:09]} Nxf7 {[%clk 0:00:14]} 57. Nxe6
{[%clk 0:00:10]} Nd6 {[%clk 0:00:14]} 58. Ng7 {[%clk 0:00:11]} Kxg7
{[%clk 0:00:14]} 59. Ke3 {[%clk 0:00:12]} Kf6 60. Kf3 Ke5 {[%clk 0:00:16]} 61.
Ke3 {[%clk 0:00:15]} Nf5+ {[%clk 0:00:18]} 62. Kd3 {[%clk 0:00:12]} Ncd4
{[%clk 0:00:18]} 63. Kc4 {[%clk 0:00:13]} Ke4 {[%clk 0:00:19]} 64. Kc3
{[%clk 0:00:14]} Nd6 {[%clk 0:00:19]} 65. Kb4 {[%clk 0:00:15]} Kd5
{[%clk 0:00:19]} 66. Kc3 {[%clk 0:00:17]} Ne6 {[%clk 0:00:17]} 67. Kd3
{[%clk 0:00:18]} Nc5+ 68. Kc3 Nde4+ 69. Kb4 Nd3+ {[%clk 0:00:18]} 70. Kb5
{[%clk 0:00:22]} Nd6+ {[%clk 0:00:19]} 71. Kb6 {[%clk 0:00:24]} Ne5
{[%clk 0:00:19]} 72. Kc7 {[%clk 0:00:24]} Kc5 {[%clk 0:00:20]} 73. Kd8
{[%clk 0:00:25]} Ng6 {[%clk 0:00:20]} 74. Kd7 {[%clk 0:00:25]} Nf4
{[%clk 0:00:21]} 75. Ke7 {[%clk 0:00:26]} Kd5 {[%clk 0:00:23]} 76. Kd7
{[%clk 0:00:28]} Nd3 {[%clk 0:00:24]} 77. Ke7 {[%clk 0:00:28]} Ne4
{[%clk 0:00:23]} 78. Kd7 {[%clk 0:00:30]} Ndc5+ {[%clk 0:00:23]} 79. Ke7
{[%clk 0:00:31]} Ke5 {[%clk 0:00:24]} 80. Kf7 {[%clk 0:00:31]} Nd6+
{[%clk 0:00:25]} 81. Ke7 {[%clk 0:00:32]} Nf5+ {[%clk 0:00:25]} 82. Kf7
{[%clk 0:00:33]} Ne4 {[%clk 0:00:24]} 83. Kg6 {[%clk 0:00:33]} Nfd6
{[%clk 0:00:21]} 84. Kg7 {[%clk 0:00:33]} Kf5 {[%clk 0:00:22]} 85. Kf8
{[%clk 0:00:34]} Kf6 {[%clk 0:00:22]} 86. Kg8 {[%clk 0:00:35]} Nc5
{[%clk 0:00:22]} 87. Kf8 {[%clk 0:00:34]} Ne6+ {[%clk 0:00:23]} 88. Kg8
{[%clk 0:00:35]} Nf4 {[%clk 0:00:23]} 89. Kh7 {[%clk 0:00:35]} Nf5
{[%clk 0:00:23]} 90. Kg8 {[%clk 0:00:35]} Ne6 {[%clk 0:00:23]} 91. Kh7
{[%clk 0:00:36]} Kf7 {[%clk 0:00:22]} 92. Kh8 {[%clk 0:00:34]} Nc5
{[%clk 0:00:23]} 93. Kh7 {[%clk 0:00:33]} Nd7 {[%clk 0:00:24]} 94. Kh8
{[%clk 0:00:33]} Kf6 {[%clk 0:00:23]} 95. Kh7 {[%clk 0:00:34]} Ne5
{[%clk 0:00:21]} 96. Kg8 {[%clk 0:00:34]} Nd7 {[%clk 0:00:23]} 97. Kh7
{[%clk 0:00:34]} Kf7 {[%clk 0:00:24]} 98. Kh8 Kg6 99. Kg8 {[%clk 0:00:35]} Ne7+
{[%clk 0:00:25]} 100. Kh8 {[%clk 0:00:36]} Kf6 {[%clk 0:00:20]} 101. Kh7
{[%clk 0:00:36]} Nf5 {[%clk 0:00:21]} 102. Kh8 {[%clk 0:00:37]} Kf7
{[%clk 0:00:22]} 103. Kh7 {[%clk 0:00:37]} Nf6+ {[%clk 0:00:17]} 104. Kh8
{[%clk 0:00:38]} Nd5 {[%clk 0:00:14]} 105. Kh7 {[%clk 0:00:38]} Nde7
{[%clk 0:00:11]} 106. Kh8 {[%clk 0:00:38]} Ne3 {[%clk 0:00:12]} 107. Kh7
{[%clk 0:00:38]} Ng4 {[%clk 0:00:14]} 108. Kh8 {[%clk 0:00:38]} Ng6+
{[%clk 0:00:12]} 109. Kh7 {[%clk 0:00:38]} Nf8+ {[%clk 0:00:13]} 1/2-1/2

[Event "Blitz 2018"]
[Site "Saint-Petersburg"]
[Date "2018.12.29"]
[Round "12"]
[Board "30"]
[White "Paravyan David (RUS)"]
[Black "Reshetnikov Alexey (RUS)"]
[Result "1-0"]
[LiveChessVersion "1.4.8"]
[BlackElo "2473"]
[WhiteElo "2629"]

1. d4 {[%clk 0:03:03]} d5 {[%clk 0:03:04]} 2. c4 {[%clk 0:03:03]} c6
{[%clk 0:03:05]} 3. Nf3 {[%clk 0:03:03]} Nf6 {[%clk 0:03:07]} 4. h3
{[%clk 0:03:00]} dxc4 {[%clk 0:03:04]} 5. e3 {[%clk 0:02:59]} e6 {[%clk 0:03:01]}
6. Bxc4 c5 7. O-O {[%clk 0:03:00]} Nc6 {[%clk 0:03:04]} 8. Nc3 {[%clk 0:03:00]}
Be7 {[%clk 0:03:04]} 9. dxc5 {[%clk 0:03:00]} Bxc5 {[%clk 0:03:01]} 10. Qxd8+
{[%clk 0:03:00]} Nxd8 {[%clk 0:02:47]} 11. Ne5 {[%clk 0:02:27]} O-O
{[%clk 0:02:44]} 12. Rd1 {[%clk 0:02:29]} b6 {[%clk 0:02:34]} 13. b3
{[%clk 0:02:24]} Bb7 {[%clk 0:02:33]} 14. Bb2 {[%clk 0:02:24]} Nc6
{[%clk 0:02:10]} 15. Nd7 {[%clk 0:02:24]} Nxd7 {[%clk 0:02:06]} 16. Rxd7
{[%clk 0:02:25]} Bc8 {[%clk 0:02:01]} 17. Rc7 {[%clk 0:02:24]} Ne5
{[%clk 0:01:58]} 18. Ne4 {[%clk 0:02:21]} Nxc4 {[%clk 0:01:49]} 19. bxc4
{[%clk 0:02:22]} Ba6 {[%clk 0:01:44]} 20. Nxc5 {[%clk 0:02:23]} bxc5
{[%clk 0:01:45]} 21. Rxc5 {[%clk 0:02:23]} Rfc8 {[%clk 0:01:46]} 22. Rg5
{[%clk 0:02:24]} g6 {[%clk 0:01:40]} 23. c5 {[%clk 0:02:22]} Bc4 {[%clk 0:01:40]}
24. Bd4 {[%clk 0:02:05]} f5 {[%clk 0:01:35]} 25. Rg3 {[%clk 0:02:01]} Rab8
{[%clk 0:01:19]} 26. e4 {[%clk 0:02:02]} fxe4 {[%clk 0:01:15]} 27. Ra3
{[%clk 0:02:03]} Rb7 {[%clk 0:01:16]} 28. Rc1 {[%clk 0:02:02]} Bd5
{[%clk 0:01:08]} 29. h4 {[%clk 0:01:58]} Rc6 {[%clk 0:01:08]} 30. Rc2
{[%clk 0:01:38]} Kf7 {[%clk 0:01:08]} 31. Rg3 {[%clk 0:01:37]} Rb4
{[%clk 0:01:06]} 32. Rd2 {[%clk 0:01:29]} Ra4 {[%clk 0:01:04]} 33. a3
{[%clk 0:01:30]} Rca6 {[%clk 0:01:02]} 34. Bb2 {[%clk 0:01:15]} Rc4
{[%clk 0:01:03]} 35. h5 {[%clk 0:01:08]} Rxc5 {[%clk 0:00:59]} 36. hxg6+
{[%clk 0:01:09]} hxg6 {[%clk 0:01:00]} 37. Rh3 {[%clk 0:01:10]} e5
{[%clk 0:00:47]} 38. Bxe5 {[%clk 0:01:02]} Ke6 {[%clk 0:00:48]} 39. Bb2
{[%clk 0:00:51]} Bc4 {[%clk 0:00:45]} 40. Re3 {[%clk 0:00:42]} Bd5
{[%clk 0:00:35]} 41. f3 {[%clk 0:00:42]} Rc4 {[%clk 0:00:34]} 42. Rde2
{[%clk 0:00:35]} Raa4 {[%clk 0:00:35]} 43. Kf2 {[%clk 0:00:33]} Kf7
{[%clk 0:00:31]} 44. Rd2 {[%clk 0:00:33]} Be6 {[%clk 0:00:29]} 45. Rb3
{[%clk 0:00:27]} Rc7 {[%clk 0:00:25]} 46. Rb8 {[%clk 0:00:24]} exf3
{[%clk 0:00:20]} 47. gxf3 {[%clk 0:00:25]} Bc8 {[%clk 0:00:16]} 48. Kg3
{[%clk 0:00:15]} Rac4 {[%clk 0:00:16]} 49. Be5 {[%clk 0:00:14]} R7c6
{[%clk 0:00:17]} 50. Ra8 {[%clk 0:00:13]} a6 {[%clk 0:00:16]} 51. Rd8
{[%clk 0:00:11]} Ke6 {[%clk 0:00:17]} 52. Bf4 {[%clk 0:00:08]} Rc3
{[%clk 0:00:13]} 53. a4 {[%clk 0:00:09]} R3c4 {[%clk 0:00:14]} 54. a5
{[%clk 0:00:09]} R4c5 {[%clk 0:00:15]} 55. Be3 {[%clk 0:00:09]} Rc3
{[%clk 0:00:15]} 56. Bd4 {[%clk 0:00:09]} R3c4 {[%clk 0:00:13]} 57. Bb6
{[%clk 0:00:10]} Rc3 {[%clk 0:00:13]} 58. Bd4 {[%clk 0:00:09]} R3c4
{[%clk 0:00:15]} 59. Ra7 {[%clk 0:00:07]} Rc7 {[%clk 0:00:14]} 60. Ra8
{[%clk 0:00:06]} Rd7 {[%clk 0:00:08]} 61. Re8+ {[%clk 0:00:05]} Kf7
{[%clk 0:00:07]} 62. Raxc8 {[%clk 0:00:04]} Rxc8 {[%clk 0:00:08]} 63. Rxc8
{[%clk 0:00:05]} Rxd4 {[%clk 0:00:09]} 64. Rc6 {[%clk 0:00:06]} Ra4
{[%clk 0:00:09]} 65. Rxa6 {[%clk 0:00:06]} Kg7 {[%clk 0:00:10]} 66. Kf2
{[%clk 0:00:04]} Ra3 {[%clk 0:00:11]} 67. Ra8 {[%clk 0:00:05]} Kh6
{[%clk 0:00:11]} 68. a6 {[%clk 0:00:06]} Kg5 {[%clk 0:00:12]} 69. a7
{[%clk 0:00:04]} Ra4 {[%clk 0:00:09]} 70. Ke2 {[%clk 0:00:04]} Ra3
{[%clk 0:00:11]} 71. f4+ {[%clk 0:00:04]} Kg4 {[%clk 0:00:11]} 72. f5
{[%clk 0:00:05]} Ra2+ {[%clk 0:00:04]} 73. Kd3 Ra3+ 74. Kc4 {[%clk 0:00:06]} Kg5
{[%clk 0:00:06]} 75. f6 {[%clk 0:00:04]} Ra4+ {[%clk 0:00:04]} 76. Kb3
{[%clk 0:00:05]} Ra6 {[%clk 0:00:04]} 77. f7 {[%clk 0:00:06]} Rb6+
{[%clk 0:00:05]} 78. Kc4 {[%clk 0:00:07]} 1-0